00371nam a2200145Ia 4500008004100000041000800041082001600049100001700065245004100082250001200123260003000135300002700165365001600192700001700208230718s9999 xx 000 0 und d aeng a604.20bDAB aDabhade M.L. aText Book Of Engineering Graphics-II a7th ed. c2004bVision Publications a621dRef 211 G (18716) cRs.b300.00 aDabhade M.L.